000 00484nam a2200181Ia 4500
005 20250326124659.0
008 250326s9999 xx 000 0 und d
037 _aTextbook
040 _aFMSL
_beng
_cFMSL
041 _aeng
_2eng
084 _aX:87 K9
_qFMSL
100 _aCopeman G
_9737783
245 0 _aRole of the managing director
_cCopeman G
260 _aLondon
_bLondon, Business
_c1969
300 _a284p
942 _cTB
_hX:87 K9
999 _c1274724
_d1274724